Australia by Letter - A - Statistics

General Stats
  • This quiz has been taken 39 times
  • The average score is 7 of 10
Answer Stats
Hint Answer % Correct
Capital of South Australia Adelaide
100%
Rock band whose hits include "Back in Black" and "Thunderstruck" AC/DC
89%
What Uluru was previously known as Ayers Rock
84%
Territory to which Canberra belongs Australian Capital Territory
68%
Name of the code of football especially popular in Victoria Australian Rules Football
68%
The full word which Australians abbreviate to "arvo" Afternoon
66%
Town in southern Western Australia which shares its names with a US state capital Albany
63%
Town in the Northern Territory named after the wife of a telegraph pioneer Alice Springs
53%
A type of biscuit, developed during World War 1, made with oats and golden syrup Anzac Biscuit
45%
Town in New South Wales which is home to the University of New England Armidale
29%
No matching quizzes found
Score Distribution
Percent of People with Each Score
Percentile by Number Answered
Your Score History
You have not taken this quiz